000 00437nam a2200181Ia 4500
001 8861
005 20260306160641.0
008 260306t2005||||xx |||||||||||||| ||spa||
041 _aESP
082 _a371.68
_bM26
100 _aMartínez Sánchez, Francisco
_eAUT
245 0 _aNuevas tecnologías y educación
260 _c2005
300 _a240 páginas :
_c24 cm.
650 _aGEN
654 _aCED
942 _cLIB
_dJUS
_fJUS
_2ddc
_n
999 _c8861
_d8861